Naxal movement and state power: (Record no. 10446)

MARC details
000 -LEADER
fixed length control field 00769 a2200205 4500
010 ## - LIBRARY OF CONGRESS CONTROL NUMBER
LC control number ENG-89309
020 ## - INTERNATIONAL STANDARD BOOK NUMBER
International Standard Book Number 8176257001
Terms of availability 450.00
035 ## - SYSTEM CONTROL NUMBER
System control number EN-72842
037 ## - SOURCE OF ACQUISITION
Source of stock number/acquisition DBAD / PUB
082 14 - DEWEY DECIMAL CLASSIFICATION NUMBER
Classification number 303.64095454
090 ## - LOCALLY ASSIGNED LC-TYPE CALL NUMBER (OCLC); LOCAL CALL NUMBER (OCLC)
-- 10742
-- 10742
100 1# - MAIN ENTRY--PERSONAL NAME
Personal name Dash, Satya Prakash
245 1# - TITLE STATEMENT
Title Naxal movement and state power:
Remainder of title (with special reference of Orissa)/
Statement of responsibility, etc by Satya Prakash Dash
260 ## - PUBLICATION, DISTRIBUTION, ETC. (IMPRINT)
Place of publication, distribution, etc New Delhi
Name of publisher, distributor, etc Sarup & Sons
Date of publication, distribution, etc 2006
270 ## - ADDRESS
Address 4740/23, Ansari Road, Darya Ganj
City New Delhi
State or province Delhi
Postal code 110002
Telephone number 2328129
Fax number 23277098
Electronic mail address sarupandsonsin@hotmail.com
300 ## - PHYSICAL DESCRIPTION
Extent vii, 152 p.
Dimensions 22 cm ( Hb.)
500 ## - GENERAL NOTE
General note Includes index
942 ## - ADDED ENTRY ELEMENTS (KOHA)
Institution code [OBSOLETE] dpl
Koha item type English Books
Call number prefix 303.64095454 / DAS
Holdings
Withdrawn status Lost status Source of classification or shelving scheme Damaged status Not for loan Collection code Home library Current library Source of acquisition Cost, normal purchase price Total Checkouts Full call number Barcode Date last seen Copy number Uniform Resource Identifier Cost, replacement price Price effective from Koha item type
    Dewey Decimal Classification   Not For Loan Non-fiction D.B.Act.Division D.B.Act.Division DBAD/PUB 450.00   303.64095454 DAS EN-72842 15/09/2008 1 11504 450.00 15/09/2008 English Books

© Delhi Public Library
Hit Counter
free hit counter